000 01221pam a2200325 i 4500
001 2941303
003 EG-ScBUE
005 20250528093753.0
008 900806s2006 enka f b 001 0 eng d
020 _a0521580013
020 _a9780521580014
040 _aEG-ScBUE
_beng
_erda
_cEG-ScBUE
_dEG-ScBUE
082 0 4 _a530.429
_222
_bDON
100 1 _aDonald, A. M.
_q(Athene Margaret),
_d1953-
_eauthor.
245 1 0 _aLiquid crystalline polymers /
_cA. M. Donald and A. H. Windle, University of Cambridge, S. Hanna, University of Bristol.
250 _aSecond edition.
264 1 _aCambridge :
_bCambridge University Press,
_c2006.
300 _axiv, 589 pages :
_billustrations ;
_c23 cm
336 _2rdacontent
_atext
_btxt
337 _aunmediated
_2rdamedia
_bn
338 _avolume
_bnc
_2rdacarrier
504 _aIncludes bibliographical references and index.
650 7 _aPolymer liquid crystals.
_2BUEsh
655 _vReading book
700 1 _aWindle, A. H.,
_eauthor.
700 1 _aHanna, S.,
_eauthor.
856 4 2 _3Publisher description
_uhttp://www.loc.gov/catdir/description/cam024/90002567.html
856 4 1 _3Table of contents
_uhttp://www.loc.gov/catdir/toc/cam028/90002567.html
942 _2ddc
_cBB
999 _c10811
_d10811